• 首页
  • 本馆介绍
  • 公告通知
  • 最新文献
  • 馆藏检索
  • 电子资源
  • 读者导购
  • 参考咨询
  • 我的图书馆
  • 登录
  • 详细信息显示
  • 放入我的书架
  • 预约/预借图书
  • 作者相关作品
  • 分类相关作品
  • 丛书相关作品
  • 出版社相关作品

书目信息

  • 表格格式
  • 工作单格式
  • 卡片格式
题名:
原位合成碳纳米相增强金属基复合材料
    
 
作者: 赵乃勤 , 何春年 编著
分册:  
出版信息: 北京   科学出版社  2015.01
页数: 10,310页
开本: 24cm
丛书名: 纳米科学与技术
单 册:
中图分类: TB331
科图分类:
主题词: 金属复合材料
电子资源:
ISBN: 978-7-03-042826-4
000 01181oam2 2200289 450
001 0120151544251
005 20170405085254.61
010    @a978-7-03-042826-4@dCNY150.00,CNY12000.00(全80册)
100    @a20150413d2015 em y0chiy50 ea
101 0  @achi
102    @aCN@b110000
105    @aak z 001yy
106    @ar
200 1  @a原位合成碳纳米相增强金属基复合材料@9yuan wei he cheng tan na mi xiang zeng qiang jin shu ji fu he cai liao@f赵乃勤,何春年等编著
210    @a北京@c科学出版社@d2015.01
215    @a10,310页@c图@d24cm
225 2  @a纳米科学与技术@v77
300    @a国家出版基金项目
330    @a本书共分3篇、13章,内容涉及纳米结构碳的基本概念、制备方法、结构、性质、表征方法;有关碳纳米管增强金属基复合材料的研究与发展、制备与表征方法等;重点且系统地介绍作者近几年来原位合成纳米结构碳增强金属基复合材料的研究方面取得的成果。
333    @a本书可供大专院校和科研机构的相关专业科研人员、教师学生及从业者
461  0 @12001 @a纳米科学与技术@v77
606 0  @a金属复合材料
690    @aTB331@v5
701  0 @a赵乃勤@9zhao nai qin@f(1961-)@4编著
701  0 @a何春年@9he chun nian@4编著
801  0 @aCN@b人天书店@c20150413
905    @b983886-88@dTB331@e327@f3
    
    原位合成碳纳米相增强金属基复合材料/赵乃勤,何春年等编著.-北京:科学出版社,2015.01
    10,310页:图;24cm.-(纳米科学与技术;77)
    国家出版基金项目.-使用对象:本书可供大专院校和科研机构的相关专业科研人员、教师学生及从业者
    
    ISBN 978-7-03-042826-4:CNY150.00,CNY12000.00(全80册)
    本书共分3篇、13章,内容涉及纳米结构碳的基本概念、制备方法、结构、性质、表征方法;有关碳纳米管增强金属基复合材料的研究与发展、制备与表征方法等;重点且系统地介绍作者近几年来原位合成纳米结构碳增强金属基复合材料的研究方面取得的成果。
●
相关链接 在E读中查询图书 在五车中查询图书 在当当中查询图书 在豆瓣中查询图书


正题名:原位合成碳纳米相增强金属基复合材料     索取号:TB331/327         预约/预借

序号 登录号 条形码 馆藏地/架位号 状态 备注
1 983886   209838862   第二样本阅览室/ [索取号:TB331/327] 在馆    
2 983887   209838871   密集书库-化学系/ [索取号:TB331/327] 在馆    
3 983888   209838880   第三借阅区/ [索取号:TB331/327] 在馆    
唐山师范学院图书馆 欢迎您!
大连网信软件有限公司© 版权所有